Sports Quiz

Random Sports or Baseball Quiz

MLB 2500 Hit Club Quiz Stats

 Plays Quiz Updated Oct 3, 2019

Score 0/69 Timer 10:00
0 Plays Today
Amount of Hits Player % Correct
2844Ivan Rodriguez
77.1%
2654Ted Williams
75.2%
2711Billy Williams
74.8%
2935Barry Bonds
70.9%
2873Babe Ruth
69.3%
2781Ken Griffey
68.6%
2721Lou Gehrig
65.9%
2726Chipper Jones
65.8%
2943Frank Robinson
63.1%
2848Brooks Robinson
63.1%
2584Reggie Jackson
61.6%
2987Sam Rice
56.2%
2574Manny Ramirez
55.3%
2517Joe Morgan
51.3%
2663Nellie Fox
51.2%
2519Todd Helton
50%
2815*Miguel Cabrera
50%
2725Carlos Beltran
49.6%
2583Ernie Banks
48.3%
2646Jimmie Foxx
48%
2591Luis Gonzalez
47.7%
2876Mel Ott
45.9%
2774Andre Dawson
45.5%
2732Tony Perez
43.5%
2877Omar Vizquel
43.3%
2590Vladimir Guerrero
41.2%
2724Roberto Alomar
40.8%
2930Rogers Hornsby
40.6%
2561Willie Davis
39.7%
2665George Davis
39.7%
2769Johnny Damon
38.9%
2599Steve Garvey
38.7%
2529Garret Anderson
37.8%
2514Buddy Bell
37.3%
2689Gary Sheffield
37.2%
Amount of Hits Player % Correct
2712Dave Parker
36.9%
2605Tim Raines
36.8%
2961Sam Crawford
36.5%
2927Al Simmons
34.9%
2866Harold Baines
34%
2839Charlie Gehringer
33.2%
2570*Robinson Cano
32%
2812George Sisler
31.4%
2677Luis Aparicio
30.4%
2749Luke Appling
28.9%
2574Richie Ashburn
27.5%
2932Willie Keeler
27.3%
2880Frankie Frisch
26.2%
2715Bill Buckner
25.9%
2743Al Oliver
25.6%
2884Zach Wheat
25.4%
2660Harry Heilmann
25.4%
2716Rusty Staub
24.8%
2597Ed Delahanty
23.1%
2757Vada Pinson
23%
2548Steve Finley
21.8%
2735Goose Goslin
21.7%
2586Julio Franco
20.7%
2605Rabbit Maranville
17.9%
2678Fred Clarke
17.9%
2938Jake Beckley
17.8%
2850Jesse Burkett
17.6%
2524Heinie Manush
17.5%
2665Max Carey
16.6%
2639Jim O'Rourke
12.8%
2513Jimmy Ryan
12.6%
2705Doc Cramer
12.1%
2651Lave Cross
11.4%
2532George Van Haltren
9%

You're not logged in!

Compare scores with friends on all Sporcle quizzes.
OR
Log In

Sporcle TV

Today on Sporcle TV


Watch our educational content, quiz creation guides, and fun videos on Sporcle TV.

Show Comments

Extras

Top Quizzes Today


Score Distribution

Your Account Isn't Verified!

In order to create a playlist on Sporcle, you need to verify the email address you used during registration. Go to your Sporcle Settings to finish the process.

Report this User

Report this user for behavior that violates our Community Guidelines.

Details: